Estadísticas para Jugadores italianos con más partidos en La Liga

Haz click aquí para intentar la prueba.

Estadísticas generales

  • Esta prueba ha sido intentada 55 veces
  • La puntuación promedio es 3 de 8

Estadísticas de respuestas

Años en La LigaClub/ ClubesPartidosRespuesta% Correcto
2006-2009Real Madrid94Cannavaro
87%
2006-2008FC Barcelona58Zambrotta
66%
2007-2013/2016-2017Villarreal CF/ Levante UD/ Celta de Vigo171Rossi
43%
2005-2009/ 2012-2014Sevilla FC/ Málaga CF135Maresca
30%
1997-2006Valencia CF245Carboni
28%
1997-1999Real Madrid73Panucci
23%
2004-2009Valencia CF135Moretti
13%
2001-2008FC Barcelona/ Atlético de Madrid102Thiago Motta
13%

Distribución de puntuación

Porcentaje por número respondido

Porcentaje de gente con cada puntuación

Historial de tus puntuaciones

No has intentado esta prueba.